000 00639nam a2200241Ia 4500
003 OSt
005 20220918210453.0
006 a|||||r|||| 00| 0
007 ta
008 220917b |||||||| |||| 00| 0 eng d
024 _a120,657
037 _cTextual
040 _aARTS
_cARTS
_beng
041 _2eng
_aeng
082 _aV691:1:N5, K2
100 _aKent Raymond K
_9118360
245 0 _aFrom Madagascar to the Malagasy Republic
260 _aLondon
_bThomes and Hudson UK
_c1962
300 _a182p
_ccm.
650 _aHISTORY
942 _hV691:1:N5, K2
_cTEXL
_2CC
999 _c243915
_d243915